000 00711nam a2200241Ia 4500
003 OSt
005 20220918182627.0
006 a|||||r|||| 00| 0
007 ta
008 220917b |||||||| |||| 00| 0 eng d
024 _a33,477
037 _cTextual
040 _aARTS
_cARTS
_beng
041 _2eng
_aeng
082 _aO111,2J64,3:g, K9
100 _aCody Richard
_960774
245 0 _aLandscape of the mind
_b Pastrol and platonic theory in Tasso's Aminate and Shakespeare's early comedies
260 _aOxford
_bClaredon
_c1969
300 _a191p.
_ccm.
650 _aENGLISH LITERATURE
942 _hO111,2J64,3:g, K9
_cTEXL
_2CC
999 _c169727
_d169727